ბათუმის შოთა რუსთაველის სახელმწიფო უნივერსიტეტის ბიბლიოთეკა

სამართალდამცავი ორგანოები და ადამიანის უფლებები = Law Protecting Bodies and Human Rights : (ბიბ.ჩანაწერი № 59392)

000 -ლიდერი
ფიქსირებული სიგრძის საკონტროლო ველი 01218nam a22002177a 4500
003 - საკონტროლო ნომრის იდენტიფიკატორი
საკონტროლო ველი Ge_BSU
005 - ბოლო ოპერაციის თარიღი და დრო
საკონტროლო ველი 20230208152458.0
008 - ფიქსირებული სიგრძის მონაცემთა ელემენტები - ზოგადი ინფორმაცია
ფიქსირებული სიგრძის საკონტროლო ველი 230208s2002 ge ||||| |||| 00| 0 geo d
041 ## - ენის კოდი
Language code of text/sound track or separate title geo
080 ## - უნივერსალური ათობითი კლასიფიკაციის ინდექსი
Universal Decimal Classification number 34 მ-69
100 ## - მთავარი ჩანაწერი - პიროვნების სახელი
Personal name მინდაძე, ომარ
9 (RLIN) 16867
245 ## - ცნობა სათაურის შესახებ
Title სამართალდამცავი ორგანოები და ადამიანის უფლებები = Law Protecting Bodies and Human Rights :
Remainder of title [სახელმძღვანელო] /
Statement of responsibility, etc ომარ მინდაძე ; [რედ. : აპოლონ ფალიაშვილი, გურამ ქარქაშაძე].
264 ## - წარმოების, გამოცემის, დისტრიბუციის და სხვა ცნობები
გამოცემის, წარმოების, დისტრიბუციის... ადგილი ქუთაისი :
გამოცემის, წარმოების, დისტრიბუციის... სახელწოდება საგამომცემლო ცენტრი,
გამოცემის, წარმოების, დისტრიბუციის... თარიღი 2002.
300 ## - ფიზიკური აღწერა
Extent 639 გვ. :
Other physical details 1 ფ. პორტრ.
Dimensions 21 სმ.
520 ## - SUMMARY, ETC.
Summary, etc რეზიუმე ინგლ.
653 ## - INDEX TERM--UNCONTROLLED
Uncontrolled term ადამიანის უფლებები
653 ## - INDEX TERM--UNCONTROLLED
Uncontrolled term სამართალი
700 ## - ADDED ENTRY--PERSONAL NAME
Personal name ფალიაშვილი, აპოლონ
Relator term რედაქტორი
9 (RLIN) 16868
700 ## - ADDED ENTRY--PERSONAL NAME
Personal name ქარქაშაძე, გურამ
Relator term რედაქტორი
9 (RLIN) 467
942 ## - ADDED ENTRY ELEMENTS (KOHA)
Source of classification or shelving scheme
Koha item type წიგნი

არაა ხელმისაწვდომი ეგზემპლარები.